|
|
|
|
| LEADER |
00770nab a2200181 i 4500 |
| 001 |
misc13745 |
| 005 |
20191106141100.0 |
| 008 |
170607s1995 hu o 0|| hun d |
| 022 |
|
|
|a 0025-0260
|
| 040 |
|
|
|a SZTE Miscellanea Repozitórium
|b hun
|
| 041 |
|
|
|a hun
|
| 100 |
2 |
|
|a Csocsánné Horváth Emmy
|
| 245 |
1 |
0 |
|a Emlékeztető a MTA Pedagógiai Bizottsága Gyógypedagógiai Albizottságának 1995. május 24-én tartott üléséről
|h [elektronikus dokumentum] /
|c Csocsánné Horváth Emmy
|
| 260 |
|
|
|c 1995
|
| 300 |
|
|
|a 382-383
|
| 490 |
0 |
|
|a Magyar pedagógia : a Magyar Tudományos Akadémia Pedagógiai Bizottságának folyóirata
|v 95 No. 3-4
|
| 695 |
|
|
|a Pedagógia konferencia
|
| 856 |
4 |
0 |
|u http://misc.bibl.u-szeged.hu/13745/1/mp_1995_003_004_382-383.pdf
|z Dokumentum-elérés
|